| 000 | 01047cam a2200313 i 4500 | ||
|---|---|---|---|
| 999 |
_c329943 _d329943 |
||
| 001 | 2217054 | ||
| 003 | NUST | ||
| 005 | 20180117090026.0 | ||
| 008 | 760130r1975 nyuaf b 001 0 eng | ||
| 010 | _a 75030341 | ||
| 020 |
_a0060135093 : _c$8.95 |
||
| 040 |
_aDLC _cDLC _dDLC |
||
| 050 | 0 | 0 |
_aBF1045.S35 _bR36 1975 |
| 060 | _aBF1031 R188p | ||
| 082 | 0 | 0 | _a133.8/01/57 |
| 100 | 1 |
_aRandall, John L. _91783 |
|
| 245 | 1 | 0 |
_aParapsychology and the nature of life / _cJohn L. Randall. |
| 250 | _a1st U.S. ed. | ||
| 260 |
_aNew York : _bHarper & Row, _cc1975. |
||
| 300 |
_ax, 256 p., [4] leaves of plates : _bill. ; _c22 cm. |
||
| 500 | _aIncludes index. | ||
| 504 | _aBibliography: p. [244]-252. | ||
| 650 | 0 |
_aParapsychology. _91784 |
|
| 650 | 0 |
_aBiology. _91785 |
|
| 650 | 2 |
_aParapsychology. _91784 |
|
| 906 |
_a7 _bcbc _corignew _d1 _eocip _f19 _gy-gencatlg |
||
| 942 |
_2ddc _cBK |
||